[Event "Blackpool op 47th"]
[Site "Blackpool"]
[Date "2024.02.11"]
[Round "5"]
[White "Sundas, David Ovie"]
[Black "Sooraj, Menothuparam Raju"]
[Result "0-1"]
[WhiteElo "1984"]
[BlackElo "1948"]
[PlyCount "136"]
[EventDate "2024.02.09"]
[EventType "swiss"]
[EventRounds "5"]
[EventCountry "ENG"]
[SourceTitle "CB07_2024"]
[SourceDate "2024.02.14"]
[SourceVersion "1"]
[SourceVersionDate "2024.02.14"]
[SourceQuality "1"]

1. Nf3 b6 2. d4 Bb7 3. c4 g6 4. Nc3 Bg7 5. e3 e6 6. Be2 d6 7. b3 Ne7 8. Bb2 Nd7 9. 0-0 h6 10. Nd2 0-0 11. Bf3 Bxf3 12. Nxf3 f5 13. Nd2 g5 14. f4 gxf4 15. Rxf4 Ng6 16. Rf3 Kh7 17. Ne2 e5 18. Qc2 e4 19. Rg3 Bf6 20. d5 Be5 21. Rh3 Qg5 22. Bxe5 dxe5 23. Nf1 Nc5 24. Rg3 Qf6 25. Nd2 h5 26. b4 Nd3 27. Rf1 Nxb4 28. Qd1 h4 29. Nxe4 Qe7 30. Nd4 hxg3 31. Qh5+ Kg7 32. Ne6+ Qxe6 33. dxe6 gxh2+ 34. Qxh2 fxe4 35. e7 Rxf1+ 36. Kxf1 Re8 37. Qh5 Nxa2 38. Qg4 c5 39. Qxe4 Rxe7 40. Kg1 Nb4 41. Qa8 e4 42. Qd8 Kf7 43. Qb8 Nc6 44. Qd6 Na5 45. g4 Re5 46. Qc7+ Kf6 47. Qd8+ Kg7 48. Qd7+ Kh6 49. Qxa7 Nxc4 50. Kf2 Re7 51. Qa6 Nge5 52. Qc8 Rf7+ 53. Ke2 Rf3 54. Qh8+ Kg6 55. Qg8+ Kf6 56. g5+ Kf5 57. Qc8+ Kxg5 58. Qd8+ Kg4 59. Qg8+ Kh4 60. Qh7+ Kg3 61. Qg7+ Ng4 62. Qc7+ Kg2 63. Qg7 Rxe3+ 64. Kd1 Nce5 65. Kd2 c4 66. Qb7 Nf3+ 67. Kc2 Nd4+ 68. Kd2 c3+ 0-1